Urticaria. (Registro nro. 314)

Detalles MARC
000 -LEADER
fixed length control field 00830 am a2200277 a 4500
005 - FECHA ULTIMA MODIFICACION
control field 20220901085641.0
008 - CAMPO DE CONTROL (LIBRO)
fixed length control field 100514s1980||||ag d f |||| 00| 0 spa d
020 ## - INTERNATIONAL STANDARD BOOK NUMBER
ISBN S/N
041 ## - CODIGO DE IDIOMA
Código de idioma del texto/pista de sonido o título separado spa
092 ## - SIGNATURA TOPOGRAFICA DEWEY LOCAL
número de clasificación 616.5
libristica 46
sección KUR
100 1# - ENTRADA PRINCIPAL--NOMBRE PERSONAL
Nombre personal Kurlat, David M.
9 (RLIN) 177
245 ## - TITULO PROPIAMENTE DICHO
Título Urticaria.
Subtítulo y Título paralelo Prurito.
Mención de responsabilidad y remanente de la transcripción de la portada David M. Kurlat.
250 ## - MENCION DE EDICION
Mención de edición 1a ed.
260 ## - PIE DE IMPRENTA
Lugar de publicación, distribución, etc Buenos Aires :
Nombre de la editorial, distribuidor, etc López LIbreros Editores,
Fecha de publicación 1980.
300 ## - DESCRIPCION FISICA
Extension 251 p.
500 ## - NOTA GENERAL
Nota general Kurlat, D. M. (1980) Urticaria. Prurito. (1a ed.) Buenos Aires: López libreros ediciones
590 ## - NOTAS LOCALES (RLIN)
Nota local Donación Dr. Mancuso 2007
653 ## - TÉRMINO INDIZADO - PALABRAS CLAVES
Palabra clave Urticaria. Generalidades
653 ## - TÉRMINO INDIZADO - PALABRAS CLAVES
Palabra clave Formas etiológicas de la urticaria
653 ## - TÉRMINO INDIZADO - PALABRAS CLAVES
Palabra clave Urticaria física
653 ## - TÉRMINO INDIZADO - PALABRAS CLAVES
Palabra clave Prurito
653 ## - TÉRMINO INDIZADO - PALABRAS CLAVES
Palabra clave Formas etiológicas
653 ## - TÉRMINO INDIZADO - PALABRAS CLAVES
Palabra clave Pruritos anal y vulvar
930 ## - NUMERO DE INVENTARIO
Número de inventario 1761
942 ## - ADDED ENTRY ELEMENTS (KOHA)
Source of classification or shelving scheme Dewey Decimal Classification
Item type Libros
Existencias
Estado de retiro Existencia Fuente de clasificación Estado general Uso restringido No para prestamo Ubicación permanente ubicación actual Sala de ubicación Fecha de adquisición Total Checkouts Número de clasificación Código de barras Date last seen Número de ejemplar Price effective from Koha tipo de elemento (item) Public note Coded location qualifier
    Dewey Decimal Classification   Restricted Access Not For Loan Biblioteca Medicina Biblioteca Medicina Circulación 13/05/2011   616.5 46 KUR 1761 06/11/2014 ej.1 13/05/2011 Libros Baja 2017 (Caja 10)  

UNIVERSIDAD NACIONAL DEL COMAHUE
Biblioteca de la Facultad de Ciencias Médicas
Sede Toschi: Los Arrayanes y Av. Toschi, Cipolletti  - Rio Negro
Sede Los Tordos:  Yrigoyen al 2211, Cipolletti - Rio Negro 

Teléfono: 0299 - 4774707 int 25
Contacto: biblioteca@facimed.uncoma.edu.ar
© 2011 - 2026